Handbook of urbanization in India : an analysis of trends and processes (Record no. 101530)

MARC details
000 -LEADER
fixed length control field 00914nam a2200301Ia 4500
003 - CONTROL NUMBER IDENTIFIER
control field OSt
005 - DATE AND TIME OF LATEST TRANSACTION
control field 20220916110925.0
008 - FIXED-LENGTH DATA ELEMENTS--GENERAL INFORMATION
fixed length control field 220915b |||||||| |||| 00| 0 eng d
020 ## - INTERNATIONAL STANDARD BOOK NUMBER
International Standard Book Number 978019560492 (pbk)
037 ## - SOURCE OF ACQUISITION
Terms of availability Textbook
040 ## - CATALOGING SOURCE
Language of cataloging eng
Original cataloging agency ARTS
Transcribing agency ARTS
041 ## - LANGUAGE CODE
Language code of text/sound track or separate title eng
100 ## - MAIN ENTRY--PERSONAL NAME
Personal name Sivaramakrishnan K. C.
245 #0 - TITLE STATEMENT
Title Handbook of urbanization in India : an analysis of trends and processes
250 ## - EDITION STATEMENT
Edition statement 2nd
260 ## - PUBLICATION, DISTRIBUTION, ETC.
Place of publication, distribution, etc. New Delhi
Name of publisher, distributor, etc. Oxford University Press India
300 ## - PHYSICAL DESCRIPTION
Extent xv, 195p.
Dimensions cm.
650 ## - SUBJECT ADDED ENTRY--TOPICAL TERM
Topical term or geographic name entry element Sociology
700 ## - ADDED ENTRY--PERSONAL NAME
Personal name B.N. Singh
700 ## - ADDED ENTRY--PERSONAL NAME
Personal name Kundu Amitabh
942 ## - ADDED ENTRY ELEMENTS (KOHA)
Classification part Y33.2g, P5(TTY)
Koha item type Textbook
Source of classification or shelving scheme Colon Classification (CC)
Holdings
Withdrawn status Lost status Damaged status Not for loan Home library Current library Date acquired Source of acquisition Cost, normal purchase price Total Checkouts Full call number Barcode Date last seen Cost, replacement price Price effective from Koha item type
        Arts Library Arts Library 2022-09-16 427, 19/03/2008, Swaraj Prakashan 325.00   Y33.2g P5(TTY) CL1293120 2022-09-16 325.00 2022-09-16 Textbook
Copyright @ Delhi University Library System